Marcatori della Juventus in UEFA Champions League 2022-2023 - Statistics

Statistiche generali
  • Questo quiz è stato fatto 91 volte
  • Il punteggio medio è 7 su 9
Statistiche sulle risposte
Partita Minuto Marcatore % Corretto
Juventus - Maccabi Haifa 3-1 50' Dušan Vlahović
93%
Juventus - Benfica 1-2 4' Arkadiusz Milik
83%
Benfica - Juventus 4-3 77' Arkadiusz Milik
83%
Paris Saint-Germain - Juventus 2-1 53' Weston McKennie
72%
Benfica - Juventus 4-3 79' Weston McKennie
72%
Juventus - Maccabi Haifa 3-1 35' Adrien Rabiot
70%
Juventus - Maccabi Haifa 3-1 83' Adrien Rabiot
70%
Juventus - Paris Saint-Germain 1-2 39' Leonardo Bonucci
70%
Benfica - Juventus 4-3 21' Moise Kean
44%
Nessun quiz corrispondente trovato
Distribuzione punteggi
Percentuale di utenti per punteggio
Percentile per numero di risposta
I tuoi punteggi nel tempo
Non hai fatto questo quiz